000 00480nam a2200181Ia 4500
008 100920s9999 xx 000 0 und d
082 _b67875
_a891.463.1 0
100 _aतेंडुलकर प्रिया.
245 _aअसंही !.
260 _b---
_c0
300 _a158
_bसाधी
365 _b90
520 _aलघुकथा.
630 _aअसंही !.
650 _aलघुकथा.
730 _aअसंही !.
942 _cBOOK
999 _c710285
_d710282